|
|
|
|
| LEADER |
00000nam0a2200000 4500 |
| 001 |
196115 |
| 005 |
20231101224654.0 |
| 010 |
|
|
|a 9785498079226
|
| 035 |
|
|
|a (RuTPU)RU\TPU\book\213953
|
| 090 |
|
|
|a 196115
|
| 100 |
|
|
|a 20110518d2011 km y0rusy50 ca
|
| 101 |
0 |
|
|a rus
|
| 102 |
|
|
|a RU
|
| 105 |
|
|
|a a z 000zy
|
| 200 |
1 |
|
|a Дизайн интерьеров в 3ds Max 2011
|f А. В. Шишанов
|
| 210 |
|
|
|a СПб.
|c Питер
|d 2011
|
| 215 |
|
|
|a 238 с.
|c ил.
|
| 330 |
|
|
|a Эта книга научит вас быстро создавать красивые интерьерные сцены и предметы обстановки с помощью новейшей версии программы 3ds Мах 2011, визуализатора V-Ray и различных подключаемых модулей. Особенность издания заключается в том, что автор не перечисляет все безграничные возможности приложения, а дает набор универсальных средств для достижения быстрого и качественного результата, на примере реальных проектов учит эффективным методам построения интерьерных сцен, их текстурирования и освещения. Материал, изложенный в книге, предполагает начальные знания интерфейса и приемов работы с 3ds Мах. Издание позволит усовершенствовать свои профессиональные навыки начинающим и опытным дизайнерам, а также пользователям, желающим заняться созданием интерьерных презентаций.
|
| 606 |
1 |
|
|a Компьютерный дизайн помещений
|2 stltpush
|3 (RuTPU)RU\TPU\subj\71053
|9 85117
|
| 610 |
1 |
|
|a интерьер
|
| 610 |
1 |
|
|a создание
|
| 610 |
1 |
|
|a компьютерные программы
|
| 610 |
1 |
|
|a 3ds Max 2011
|
| 610 |
1 |
|
|a мебель
|
| 610 |
1 |
|
|a ткани
|
| 610 |
1 |
|
|a бытовая техника
|
| 610 |
1 |
|
|a материалы
|
| 610 |
1 |
|
|a свет
|
| 610 |
1 |
|
|a освещение
|
| 610 |
1 |
|
|a визуализация
|
| 610 |
1 |
|
|a помещения
|
| 675 |
|
|
|a 004.92.84
|v 4
|
| 700 |
|
1 |
|a Шишанов
|b А. В.
|g Андрей Вадимович
|
| 801 |
|
1 |
|a RU
|b 63413507
|c 20110518
|
| 801 |
|
2 |
|a RU
|b 63413507
|c 20231018
|g RCR
|
| 900 |
|
|
|a Дизайн интерьеров
|
| 942 |
|
|
|c BK
|
| 959 |
|
|
|a 52/20110518
|d 2
|e 215,00
|f ЧЗТЛ:1
|f АНЛ:1
|